Khaki shadows : (Record no. 344706)
[ view plain ]
| 000 -LEADER | |
|---|---|
| fixed length control field | 01125 a2200205 4500 |
| 020 ## - INTERNATIONAL STANDARD BOOK NUMBER | |
| International Standard Book Number | 019579396X |
| 020 ## - INTERNATIONAL STANDARD BOOK NUMBER | |
| International Standard Book Number | 9780195793963 |
| 082 04 - DEWEY DECIMAL CLASSIFICATION NUMBER | |
| Classification number | 954.9104 |
| 090 ## - LOCALLY ASSIGNED LC-TYPE CALL NUMBER (OCLC); LOCAL CALL NUMBER (RLIN) | |
| -- | 2204 |
| -- | 2204 |
| 100 1# - MAIN ENTRY--PERSONAL NAME | |
| Personal name | Arif, General K. M. |
| 245 10 - TITLE STATEMENT | |
| Title | Khaki shadows : |
| Remainder of title | pakistan 1947-1997 / |
| Statement of responsibility, etc. | General K. M. Arif. |
| 250 ## - EDITION STATEMENT | |
| Edition statement | 1st ed. |
| 260 ## - PUBLICATION, DISTRIBUTION, ETC. | |
| Place of publication, distribution, etc. | [S.l.] : |
| Name of publisher, distributor, etc. | Oxford University Press, USA, |
| Date of publication, distribution, etc. | 2001. |
| 300 ## - PHYSICAL DESCRIPTION | |
| Extent | 452 p. ; |
| Dimensions | 22 cm. |
| 500 ## - GENERAL NOTE | |
| General note | Hardcover. |
| 520 ## - SUMMARY, ETC. | |
| Summary, etc. | This book describes the powerful role of the army in the politics of Pakistan from its earliest years through the late 1990s and analyzes how political and military forces both created and undermined national prestige. Written by a regired general who held important positions in two different martial law administrations, it provides an insider's account of the intrigues, manipulations, and power struggles that engulfed Pakistan for much its history. |
| 856 40 - ELECTRONIC LOCATION AND ACCESS | |
| Materials specified | Amazon.com |
| Uniform Resource Identifier | <a href="http://www.amazon.com/exec/obidos/ASIN/019579396X/chopaconline-20">http://www.amazon.com/exec/obidos/ASIN/019579396X/chopaconline-20</a> |
| 856 40 - ELECTRONIC LOCATION AND ACCESS | |
| Materials specified | Amazon customer reviews |
| Uniform Resource Identifier | <a href="http://www.chopac.org/cgi-bin/tools/azrev.pl?q=019579396X">http://www.chopac.org/cgi-bin/tools/azrev.pl?q=019579396X</a> |
| 942 ## - ADDED ENTRY ELEMENTS (KOHA) | |
| Institution code [OBSOLETE] | NBS |
| Koha item type | Book |
| Call number prefix | 954.9104 ARI |
| Withdrawn status | Lost status | Damaged status | Not for loan | Permanent Location | Current Location | Date acquired | Total Checkouts | Full call number | Barcode | Date last seen | Date last checked out | Price effective from | Koha item type | Total Renewals |
|---|---|---|---|---|---|---|---|---|---|---|---|---|---|---|
| Central Library (CL) | Central Library (CL) | 08/28/2013 | 6 | 954.9104 ARI | NBS6111 | 04/26/2021 | 03/09/2021 | 08/28/2013 | Book | |||||
| Central Library (CL) | Central Library (CL) | 08/28/2013 | 7 | 954.9104 ARI | NBS6110 | 01/09/2025 | 01/07/2025 | 08/28/2013 | Book | 1 |
